<?xml version="1.0" encoding="UTF-8"?><marc:collection xmlns:marc="http://www.loc.gov/MARC21/slim">
  <marc:record>
    <marc:leader>05713nas a2200781 c 4500</marc:leader>
    <marc:controlfield tag="001">010053042</marc:controlfield>
    <marc:controlfield tag="003">DE-101</marc:controlfield>
    <marc:controlfield tag="005">20250311204453.0</marc:controlfield>
    <marc:controlfield tag="007">tu</marc:controlfield>
    <marc:controlfield tag="008">991118d19571999gw q||p|  ||| 0||||1ger c</marc:controlfield>
    <marc:datafield tag="016" ind1="7" ind2=" ">
      <marc:subfield code="2">DE-600</marc:subfield>
      <marc:subfield code="a">3529-4</marc:subfield>
    </marc:datafield>
    <marc:datafield tag="016" ind1="7" ind2=" ">
      <marc:subfield code="2">DE-101</marc:subfield>
      <marc:subfield code="a">010053042</marc:subfield>
    </marc:datafield>
    <marc:datafield tag="022" ind1=" " ind2=" ">
      <marc:subfield code="a">0011-9822</marc:subfield>
    </marc:datafield>
    <marc:datafield tag="022" ind1=" " ind2=" ">
      <marc:subfield code="a">0011-9822</marc:subfield>
      <marc:subfield code="2">6</marc:subfield>
    </marc:datafield>
    <marc:datafield tag="035" ind1=" " ind2=" ">
      <marc:subfield code="a">(DE-599)ZDB3529-4</marc:subfield>
    </marc:datafield>
    <marc:datafield tag="035" ind1=" " ind2=" ">
      <marc:subfield code="a">(OCoLC)1367320516</marc:subfield>
    </marc:datafield>
    <marc:datafield tag="040" ind1=" " ind2=" ">
      <marc:subfield code="a">9001</marc:subfield>
      <marc:subfield code="b">ger</marc:subfield>
      <marc:subfield code="c">DE-101</marc:subfield>
      <marc:subfield code="d">9999</marc:subfield>
    </marc:datafield>
    <marc:datafield tag="041" ind1=" " ind2=" ">
      <marc:subfield code="a">ger</marc:subfield>
    </marc:datafield>
    <marc:datafield tag="042" ind1=" " ind2=" ">
      <marc:subfield code="a">zdb</marc:subfield>
    </marc:datafield>
    <marc:datafield tag="044" ind1=" " ind2=" ">
      <marc:subfield code="c">XA-DE</marc:subfield>
    </marc:datafield>
    <marc:datafield tag="082" ind1="7" ind2="4">
      <marc:subfield code="a">690</marc:subfield>
      <marc:subfield code="q">DE-600</marc:subfield>
      <marc:subfield code="2">22sdnb</marc:subfield>
    </marc:datafield>
    <marc:datafield tag="084" ind1=" " ind2=" ">
      <marc:subfield code="a">ARC 906z</marc:subfield>
      <marc:subfield code="a">ARC 918z</marc:subfield>
      <marc:subfield code="2">stub</marc:subfield>
    </marc:datafield>
    <marc:datafield tag="084" ind1=" " ind2=" ">
      <marc:subfield code="a">740</marc:subfield>
      <marc:subfield code="2">rpb</marc:subfield>
    </marc:datafield>
    <marc:datafield tag="110" ind1="2" ind2=" ">
      <marc:subfield code="0">(DE-588)2007722-1</marc:subfield>
      <marc:subfield code="0">https://d-nb.info/gnd/2007722-1</marc:subfield>
      <marc:subfield code="0">(DE-101)004675908</marc:subfield>
      <marc:subfield code="a">Deutsche Akademie für Städtebau und Landesplanung</marc:subfield>
      <marc:subfield code="e">Verfasser</marc:subfield>
      <marc:subfield code="4">aut</marc:subfield>
      <marc:subfield code="2">gnd</marc:subfield>
    </marc:datafield>
    <marc:datafield tag="222" ind1=" " ind2="0">
      <marc:subfield code="a">Mitteilungen der Deutschen Akademie für Städtebau und Landesplanung</marc:subfield>
    </marc:datafield>
    <marc:datafield tag="245" ind1="1" ind2="0">
      <marc:subfield code="a">Mitteilungen der Deutschen Akademie für Städtebau und Landesplanung</marc:subfield>
    </marc:datafield>
    <marc:datafield tag="246" ind1="3" ind2=" ">
      <marc:subfield code="a">Jahresbericht</marc:subfield>
    </marc:datafield>
    <marc:datafield tag="246" ind1="3" ind2=" ">
      <marc:subfield code="a">Mitteilungen</marc:subfield>
    </marc:datafield>
    <marc:datafield tag="246" ind1="1" ind2=" ">
      <marc:subfield code="i">Nebent.:</marc:subfield>
      <marc:subfield code="a">DASL-Mitteilungen</marc:subfield>
    </marc:datafield>
    <marc:datafield tag="264" ind1="3" ind2="1">
      <marc:subfield code="a">Berlin</marc:subfield>
      <marc:subfield code="b">Deutsche Akademie für Städtebau und Landesplanung</marc:subfield>
      <marc:subfield code="c">1957-1999</marc:subfield>
    </marc:datafield>
    <marc:datafield tag="264" ind1=" " ind2="1">
      <marc:subfield code="3">1957-1964</marc:subfield>
      <marc:subfield code="a">Köln</marc:subfield>
      <marc:subfield code="b">Deutsche Akademie für Städtebau und Landesplanung</marc:subfield>
    </marc:datafield>
    <marc:datafield tag="264" ind1="2" ind2="1">
      <marc:subfield code="3">1965-1968</marc:subfield>
      <marc:subfield code="a">Düsseldorf</marc:subfield>
      <marc:subfield code="b">Deutsche Akademie für Städtebau und Landesplanung</marc:subfield>
    </marc:datafield>
    <marc:datafield tag="264" ind1="2" ind2="1">
      <marc:subfield code="3">1969-1973;1980-1991</marc:subfield>
      <marc:subfield code="a">München</marc:subfield>
      <marc:subfield code="b">Deutsche Akademie für Städtebau und Landesplanung</marc:subfield>
    </marc:datafield>
    <marc:datafield tag="264" ind1="2" ind2="1">
      <marc:subfield code="3">1974-1979</marc:subfield>
      <marc:subfield code="a">Hannover</marc:subfield>
      <marc:subfield code="b">Deutsche Akademie für Städtebau und Landesplanung</marc:subfield>
    </marc:datafield>
    <marc:datafield tag="336" ind1=" " ind2=" ">
      <marc:subfield code="a">Text</marc:subfield>
      <marc:subfield code="b">txt</marc:subfield>
      <marc:subfield code="2">rdacontent</marc:subfield>
    </marc:datafield>
    <marc:datafield tag="337" ind1=" " ind2=" ">
      <marc:subfield code="a">ohne Hilfsmittel zu benutzen</marc:subfield>
      <marc:subfield code="b">n</marc:subfield>
      <marc:subfield code="2">rdamedia</marc:subfield>
    </marc:datafield>
    <marc:datafield tag="338" ind1=" " ind2=" ">
      <marc:subfield code="a">Band</marc:subfield>
      <marc:subfield code="b">nc</marc:subfield>
      <marc:subfield code="2">rdacarrier</marc:subfield>
    </marc:datafield>
    <marc:datafield tag="362" ind1="0" ind2=" ">
      <marc:subfield code="a">1.1957,März - 35.1991; N.F. 1997 - 1999,4; damit Ersch. eingest.</marc:subfield>
    </marc:datafield>
    <marc:datafield tag="363" ind1="0" ind2="0">
      <marc:subfield code="8">1.1\x</marc:subfield>
      <marc:subfield code="a">1</marc:subfield>
      <marc:subfield code="i">1957</marc:subfield>
    </marc:datafield>
    <marc:datafield tag="363" ind1="1" ind2="0">
      <marc:subfield code="8">1.2\x</marc:subfield>
      <marc:subfield code="a">35</marc:subfield>
      <marc:subfield code="i">1991</marc:subfield>
    </marc:datafield>
    <marc:datafield tag="363" ind1="0" ind2="0">
      <marc:subfield code="8">2.1\x</marc:subfield>
      <marc:subfield code="i">1997</marc:subfield>
    </marc:datafield>
    <marc:datafield tag="363" ind1="1" ind2="0">
      <marc:subfield code="8">2.2\x</marc:subfield>
      <marc:subfield code="b">4</marc:subfield>
      <marc:subfield code="i">1999</marc:subfield>
    </marc:datafield>
    <marc:datafield tag="501" ind1=" " ind2=" ">
      <marc:subfield code="a">Darin: Jahresbericht</marc:subfield>
    </marc:datafield>
    <marc:datafield tag="555" ind1="8" ind2=" ">
      <marc:subfield code="a">Index 1/6.1957/62 in: 7.1963,1; 7/8.1963/64 in: 8.1964,5</marc:subfield>
    </marc:datafield>
    <marc:datafield tag="583" ind1="1" ind2=" ">
      <marc:subfield code="a">Archivierung/Langzeitarchivierung gewährleistet</marc:subfield>
      <marc:subfield code="c">2020</marc:subfield>
      <marc:subfield code="f">PENW</marc:subfield>
      <marc:subfield code="5">DE-5</marc:subfield>
      <marc:subfield code="2">pdager</marc:subfield>
    </marc:datafield>
    <marc:datafield tag="591" ind1=" " ind2=" ">
      <marc:subfield code="a">F/Q!290!3!(läuft wieder 10/99)89!(09-12-11)</marc:subfield>
    </marc:datafield>
    <marc:datafield tag="650" ind1=" " ind2="7">
      <marc:subfield code="0">(DE-588)4034268-2</marc:subfield>
      <marc:subfield code="0">https://d-nb.info/gnd/4034268-2</marc:subfield>
      <marc:subfield code="0">(DE-101)040342689</marc:subfield>
      <marc:subfield code="a">Landesplanung</marc:subfield>
      <marc:subfield code="9">rswk-swf</marc:subfield>
      <marc:subfield code="2">gnd</marc:subfield>
    </marc:datafield>
    <marc:datafield tag="650" ind1=" " ind2="7">
      <marc:subfield code="0">(DE-588)4056795-3</marc:subfield>
      <marc:subfield code="0">https://d-nb.info/gnd/4056795-3</marc:subfield>
      <marc:subfield code="0">(DE-101)040567958</marc:subfield>
      <marc:subfield code="a">Städtebau</marc:subfield>
      <marc:subfield code="9">rswk-swf</marc:subfield>
      <marc:subfield code="2">gnd</marc:subfield>
    </marc:datafield>
    <marc:datafield tag="651" ind1=" " ind2="7">
      <marc:subfield code="0">(DE-588)4011882-4</marc:subfield>
      <marc:subfield code="0">https://d-nb.info/gnd/4011882-4</marc:subfield>
      <marc:subfield code="0">(DE-101)040118827</marc:subfield>
      <marc:subfield code="a">Deutschland</marc:subfield>
      <marc:subfield code="9">rswk-swf</marc:subfield>
      <marc:subfield code="2">gnd</marc:subfield>
    </marc:datafield>
    <marc:datafield tag="651" ind1=" " ind2="7">
      <marc:subfield code="0">(DE-588)4011882-4</marc:subfield>
      <marc:subfield code="0">https://d-nb.info/gnd/4011882-4</marc:subfield>
      <marc:subfield code="0">(DE-101)040118827</marc:subfield>
      <marc:subfield code="a">Deutschland</marc:subfield>
      <marc:subfield code="9">rswk-swf</marc:subfield>
      <marc:subfield code="2">gnd</marc:subfield>
    </marc:datafield>
    <marc:datafield tag="655" ind1=" " ind2="7">
      <marc:subfield code="0">(DE-588)4067488-5</marc:subfield>
      <marc:subfield code="0">https://d-nb.info/gnd/4067488-5</marc:subfield>
      <marc:subfield code="0">(DE-101)040674886</marc:subfield>
      <marc:subfield code="a">Zeitschrift</marc:subfield>
      <marc:subfield code="2">gnd-content</marc:subfield>
    </marc:datafield>
    <marc:datafield tag="689" ind1="0" ind2="0">
      <marc:subfield code="0">(DE-588)4011882-4</marc:subfield>
      <marc:subfield code="0">https://d-nb.info/gnd/4011882-4</marc:subfield>
      <marc:subfield code="0">(DE-101)040118827</marc:subfield>
      <marc:subfield code="D">g</marc:subfield>
      <marc:subfield code="a">Deutschland</marc:subfield>
    </marc:datafield>
    <marc:datafield tag="689" ind1="0" ind2="1">
      <marc:subfield code="0">(DE-588)4034268-2</marc:subfield>
      <marc:subfield code="0">https://d-nb.info/gnd/4034268-2</marc:subfield>
      <marc:subfield code="0">(DE-101)040342689</marc:subfield>
      <marc:subfield code="D">s</marc:subfield>
      <marc:subfield code="a">Landesplanung</marc:subfield>
    </marc:datafield>
    <marc:datafield tag="689" ind1="0" ind2=" ">
      <marc:subfield code="5">DE-600</marc:subfield>
      <marc:subfield code="5">DE-600</marc:subfield>
    </marc:datafield>
    <marc:datafield tag="689" ind1="1" ind2="0">
      <marc:subfield code="0">(DE-588)4011882-4</marc:subfield>
      <marc:subfield code="0">https://d-nb.info/gnd/4011882-4</marc:subfield>
      <marc:subfield code="0">(DE-101)040118827</marc:subfield>
      <marc:subfield code="D">g</marc:subfield>
      <marc:subfield code="a">Deutschland</marc:subfield>
    </marc:datafield>
    <marc:datafield tag="689" ind1="1" ind2="1">
      <marc:subfield code="0">(DE-588)4056795-3</marc:subfield>
      <marc:subfield code="0">https://d-nb.info/gnd/4056795-3</marc:subfield>
      <marc:subfield code="0">(DE-101)040567958</marc:subfield>
      <marc:subfield code="D">s</marc:subfield>
      <marc:subfield code="a">Städtebau</marc:subfield>
    </marc:datafield>
    <marc:datafield tag="689" ind1="1" ind2=" ">
      <marc:subfield code="5">DE-600</marc:subfield>
      <marc:subfield code="5">DE-600</marc:subfield>
    </marc:datafield>
    <marc:datafield tag="772" ind1="0" ind2="8">
      <marc:subfield code="i">Supplement zu</marc:subfield>
      <marc:subfield code="n">Anfangs darin</marc:subfield>
      <marc:subfield code="a">Deutsche Akademie für Städtebau und Landesplanung</marc:subfield>
      <marc:subfield code="t">Jahrestagung / Deutsche Akademie für Städtebau und Landesplanung</marc:subfield>
      <marc:subfield code="d">Hannover : Akad., 1972-1977</marc:subfield>
      <marc:subfield code="w">(DE-600)1065058-1</marc:subfield>
      <marc:subfield code="w">(DE-101)015964264</marc:subfield>
    </marc:datafield>
    <marc:datafield tag="787" ind1="0" ind2="8">
      <marc:subfield code="i">24,Juli=1980 von</marc:subfield>
      <marc:subfield code="a">Deutsche Akademie für Städtebau und Landesplanung</marc:subfield>
      <marc:subfield code="t">Material zur Jahrestagung ... der Akademie</marc:subfield>
      <marc:subfield code="d">München : Akad., 1980-1983</marc:subfield>
      <marc:subfield code="w">(DE-600)631456-9</marc:subfield>
      <marc:subfield code="w">(DE-101)01366218X</marc:subfield>
    </marc:datafield>
    <marc:datafield tag="787" ind1="0" ind2="8">
      <marc:subfield code="i">22,Aug.,2=1978 von</marc:subfield>
      <marc:subfield code="a">Deutsche Akademie für Städtebau und Landesplanung</marc:subfield>
      <marc:subfield code="t">Materialien zur Akademieversammlung / Deutsche Akademie für Städtebau und Landesplanung</marc:subfield>
      <marc:subfield code="d">Hannover : Akad., 1978-1996</marc:subfield>
      <marc:subfield code="w">(DE-600)613326-5</marc:subfield>
      <marc:subfield code="w">(DE-101)013553844</marc:subfield>
    </marc:datafield>
    <marc:datafield tag="787" ind1="0" ind2="8">
      <marc:subfield code="i">19,März=1974; 19,Aug.=1975; 20,Aug.=1976; 21,Aug.=3 von</marc:subfield>
      <marc:subfield code="a">Deutsche Akademie für Städtebau und Landesplanung</marc:subfield>
      <marc:subfield code="t">Jahrestagung / Deutsche Akademie für Städtebau und Landesplanung</marc:subfield>
      <marc:subfield code="d">Hannover : Akad., 1972-1977</marc:subfield>
      <marc:subfield code="w">(DE-600)1065058-1</marc:subfield>
      <marc:subfield code="w">(DE-101)015964264</marc:subfield>
    </marc:datafield>
    <marc:datafield tag="787" ind1="0" ind2="8">
      <marc:subfield code="i">21,Jan.=1976; 22,Jan.=1977; 23,Jan.=1978; 24,2=1979 von</marc:subfield>
      <marc:subfield code="a">Deutsche Akademie für Städtebau und Landesplanung</marc:subfield>
      <marc:subfield code="t">Bericht über die Jahrestagung / Deutsche Akademie für Städtebau und Landesplanung</marc:subfield>
      <marc:subfield code="d">München : [Verlag nicht ermittelbar], 1977-1980</marc:subfield>
      <marc:subfield code="w">(DE-600)2481967-0</marc:subfield>
      <marc:subfield code="w">(DE-101)99289638X</marc:subfield>
    </marc:datafield>
    <marc:datafield tag="787" ind1="0" ind2="8">
      <marc:subfield code="i">24,1=1979 von</marc:subfield>
      <marc:subfield code="a">Deutsche Akademie für Städtebau und Landesplanung</marc:subfield>
      <marc:subfield code="t">Bericht über die Akademieversammlung / Deutsche Akademie für Städtebau und Landesplanung</marc:subfield>
      <marc:subfield code="d">München : [Verlag nicht ermittelbar], 1980-1980</marc:subfield>
      <marc:subfield code="w">(DE-600)2481973-6</marc:subfield>
      <marc:subfield code="w">(DE-101)99289669X</marc:subfield>
    </marc:datafield>
    <marc:datafield tag="787" ind1="0" ind2="8">
      <marc:subfield code="i">22,Aug.,1=4; 23,3=1979; 25,3=1981; 27,2=1983; 28,1=1984; 29,2=1985; 30,2=1986; 32,2=1988; 33,2=1989; 35,2=1991 von</marc:subfield>
      <marc:subfield code="a">Deutsche Akademie für Städtebau und Landesplanung</marc:subfield>
      <marc:subfield code="t">Vorbereitender Bericht zur Jahrestagung der Deutschen Akademie für Städtebau und Landesplanung</marc:subfield>
      <marc:subfield code="d">München : Akad., 1978-1993</marc:subfield>
      <marc:subfield code="w">(DE-600)13968-3</marc:subfield>
      <marc:subfield code="w">(DE-101)010201467</marc:subfield>
    </marc:datafield>
    <marc:datafield tag="787" ind1="0" ind2="8">
      <marc:subfield code="i">26,2=1982; 31,2=1987 von</marc:subfield>
      <marc:subfield code="a">Akademie für Raumforschung und Landesplanung</marc:subfield>
      <marc:subfield code="t">Vorbereitender Bericht zur gemeinsamen Jahrestagung der Akademie für Raumforschung und Landesplanung und der Deutschen Akademie für Städtebau und Landesplanung</marc:subfield>
      <marc:subfield code="d">München : [Verlag nicht ermittelbar], 1982-1987</marc:subfield>
      <marc:subfield code="w">(DE-600)23995-1</marc:subfield>
      <marc:subfield code="w">(DE-101)010274855</marc:subfield>
    </marc:datafield>
    <marc:datafield tag="787" ind1="0" ind2="8">
      <marc:subfield code="i">25,1=1980; 26,1=1981; 27,3=1983; 29,1=1984; 30,1=1985; 31,1=1986; 32,1=1987; 33,1=1988; 34,1=1989; 35,1=1990 von</marc:subfield>
      <marc:subfield code="a">Deutsche Akademie für Städtebau und Landesplanung</marc:subfield>
      <marc:subfield code="t">Bericht über die Jahrestagung und die Akademieversammlung / Deutsche Akademie für Städtebau und Landesplanung</marc:subfield>
      <marc:subfield code="d">München : [Verlag nicht ermittelbar], 1981-</marc:subfield>
      <marc:subfield code="w">(DE-600)2054911-8</marc:subfield>
      <marc:subfield code="w">(DE-101)022142029</marc:subfield>
    </marc:datafield>
    <marc:datafield tag="850" ind1=" " ind2=" ">
      <marc:subfield code="a">DE-101a</marc:subfield>
      <marc:subfield code="a">DE-101b</marc:subfield>
    </marc:datafield>
    <marc:datafield tag="889" ind1=" " ind2=" ">
      <marc:subfield code="w">(DE-101)551077565</marc:subfield>
    </marc:datafield>
  </marc:record>
</marc:collection>
